000 00486nab a2200145Ia 4500
003 ES-SlBCS
005 20210601133735.0
008 140529s2001 xxu||||| |||| 00| 0 por d
041 _apor
100 1 _aRibeiro, Marlene
_9209029
245 0 0 _aControvérsias Epistemológicas, Éticas e Políticas da Pedagogia Contemporânea
_c Marlene Ribeiro
650 0 4 _aPedagogía-Ciencia
_9209030
773 0 _tEducaçao e Filosofia
_gvol. 15, nº. 29, 2001, págs. 141-160
_wRev1534
942 _cAR
999 _c601373
_d601373